000 00512nam a22001817a 4500
005 20251108170037.0
008 250721s1985 xx 000 0 ara d
082 1 4 _aط/ق/ماي
100 1 _aماياكوفسكي، فلاديمير
245 1 0 _aمن أصبح ؟ /
264 1 _aموسكو :
_bدار رادوغا،
_c1985.
300 _a32ص
650 1 7 _aالأدب المترجم
650 1 7 _aالروايات
700 1 _aيوسف، أبو بكر
_eترجمة
942 _2ddc
_cBK
999 _c38242
_d38242